| 000 | 00779nam a2200229 u 4500 | ||
|---|---|---|---|
| 005 | 20230524063958.0 | ||
| 008 | 130423s2008 r 000 0 eng d | ||
| 020 | _a9786074670004 | ||
| 035 | _aUPN01000190804 | ||
| 049 | _aCG | ||
| 050 | 4 |
_aQA135.6 _bP2.3a |
|
| 100 | 1 |
_aParra, Cecilia _933770 |
|
| 245 | 1 | 0 |
_aEnseñar aritmética a los más chicos : _bde la exploración al dominio / _cCecilia Parra, Irma Saiz. |
| 260 |
_aMéxico : _bSEP : _bHomoSapiens, _c2008. |
||
| 300 |
_a212 p. : _bil. |
||
| 440 | 0 |
_aReforma integral de la educación básica. _pPrimaria |
|
| 650 | 4 |
_aAritmética _xEstudio y enseñanza (Elemental) _95289 |
|
| 650 | 4 |
_aMatemáticas _xEstudio y enseñanza (Elemental) _92809 |
|
| 700 | 1 |
_aSaiz, Irma, _ecoaut. |
|
| 905 | _aLibro | ||
| 999 |
_c162907 _d162907 |
||